All Star Countries - Map Quiz - Statistics

General Stats
  • This quiz has been taken 15 times
  • The average score is 4 of 13
Answers on the Map
Answers color-coded by a green-red scale on the quiz's map according to % correct below.
 
Answer Stats
Answer % Correct
50
79%
1
64%
2
36%
4
36%
5
36%
10
29%
3
29%
7
29%
27
21%
9
21%
6
14%
12
7%
8
7%
No matching quizzes found
Score Distribution
Percent of People with Each Score
Percentile by Number Answered
Your Score History
You have not taken this quiz